00374nam a2200133Ia 4500008004100000041001200041082001600053100001600069245007500085260003300160300000800193650001900201700002000220221030s9999 xx 000 0 und d aEnglish a105.23bKal aK. S. Kalra 0aText Book of Applied Mathematics - IIcby K. S. Kalra, J. I. S. Bindra bIndian Pub.aJalandharc1999 a135 aBE Mathematics aJ. I. S. Bindra